महापंडित दशानन रावण (Record no. 958)

MARC details
000 -LEADER
fixed length control field 01065 a2200229 4500
005 - DATE AND TIME OF LATEST TRANSACTION
control field 2008090304564.0
008 - FIXED-LENGTH DATA ELEMENTS--GENERAL INFORMATION
fixed length control field 080903t xxu||||| |||| 00| 0 hin d
010 ## - LIBRARY OF CONGRESS CONTROL NUMBER
LC control number HIN-78894
020 ## - INTERNATIONAL STANDARD BOOK NUMBER
Terms of availability 450.00
International Standard Book Number 8189000721
035 ## - SYSTEM CONTROL NUMBER
System control number HN-51240
037 ## - SOURCE OF ACQUISITION
Source of stock number/acquisition D.B.Act / pub
082 ## - DEWEY DECIMAL CLASSIFICATION NUMBER
Classification number 230.1
100 ## - MAIN ENTRY--PERSONAL NAME
Personal name अरूण
245 ## - TITLE STATEMENT
Title महापंडित दशानन रावण
Statement of responsibility, etc अरूण
246 ## - VARYING FORM OF TITLE
Title proper/short title Mahapandit Dashanan Ravana
Remainder of title by Arun
260 ## - PUBLICATION, DISTRIBUTION, ETC. (IMPRINT)
Place of publication, distribution, etc नई दिल्ली
Name of publisher, distributor, etc विश्वभारती पब्लिकेशन्स
Date of publication, distribution, etc 2006
270 ## - ADDRESS
Address 4378/4बी अंसारी रोड़,दरियागंज
City नई दिल्ली
Postal code 110002
300 ## - PHYSICAL DESCRIPTION
Extent 303पृ
Dimensions 22सेमी (सजिल्द)
Other physical details रंगीन चित्र
650 ## - SUBJECT ADDED ENTRY--TOPICAL TERM
Topical term or geographic name as entry element Mythology
942 ## - ADDED ENTRY ELEMENTS (KOHA)
Institution code [OBSOLETE] dpl
Koha item type Hindi Books
Call number prefix 230.1 / अरूण
Source of classification or shelving scheme Dewey Decimal Classification
Classification part 230.1
Call number suffix अरूण
Holdings
Withdrawn status Lost status Damaged status Not for loan Collection code Home library Current library Date acquired Cost, normal purchase price Total Checkouts Full call number Barcode Date last seen Copy number Uniform Resource Identifier Cost, replacement price Price effective from Koha item type
      Not For Loan Non-fiction D.B.Act.Division D.B.Act.Division 03/09/2008 450.00   230.1 अरूण HN-51240 15/09/2008 1 1022 450.00 15/09/2008 Hindi Books

© Delhi Public Library
Hit Counter
free hit counter